000 00813nam a2200241Ii 4500
003 JO-AjNU
008 230605s9999||||xx |||||||||||||| ||und||
017 _a2000/4532
020 _a977-5224-97-7
040 _aJO-AjNU
_bara
_erda
_cJO-AjNU
041 _aara
050 1 4 _aBP173.751.H87 2000
100 3 _aالحوراني، ياسر,
_eauthor
_952503
245 0 0 _aفي مصادر التراث الإقتصادي الإسلامي
250 _aط1
264 3 1 _aالقاهرة: المعهد العالمي للفكر الاسلامي، 2000
300 _a160ص
336 _atext
_btxt
_2rdacontent
337 _aunmediated
_bn
_2rdamedia
338 _avolume
_bnc
_2rdacarrier
490 0 _aدراسات في الاقتصاد الاسلامي 37
650 4 _aالاقتصاد الاسلامي
_952504
999 _aA23261
_c26829
_d26829